[Event "Detroit (Beg/3/13)"]
[Site "?"]
[Date "1994.??.??"]
[Round "?"]
[White "Grayson, T."]
[Black "Sloan, L."]
[Result "0-1"]
[WhiteElo "1605"]
[BlackElo "1605"]
[PlyCount "66"]
[EventDate "1994.??.??"]

{3/(13)} 1. e4 e5 2. Nf3 d6 3. d3 Bg4 4. h3 Bxf3 5. gxf3 Nc6 6. Nc3 Nf6 7. Bg5
Be7 8. Bh4 O-O 9. Qd2 d5 10. f4 Qd7 11. Bg2 d4 12. Nd5 Rfe8 13. Bg3 Rad8 14.
fxe5 Nh5 15. Nxe7+ Qxe7 16. O-O Nxg3 17. fxg3 Nxe5 18. b3 Rd6 19. c4 c5 20. Rf5
g6 21. Rg5 Red8 22. h4 Rf6 23. Rf1 h6 24. Rxe5 Qxe5 25. Qe3 dxe3 26. a3 Rd4 27.
Rd1 Qd6 28. Bh3 Rxd3 29. Re1 Rd2 30. e5 Qxe5 31. Bg2 Rff2 32. b4 Qxg3 33. Rf1
Qxg2# 0-1

[Event "Warren (Warmup"]
[Site "?"]
[Date "1994.??.??"]
[Round "?"]
[White "Grawburg, H."]
[Black "Witz, B."]
[Result "1-0"]
[WhiteElo "1605"]
[BlackElo "1605"]
[PlyCount "123"]
[EventDate "1994.??.??"]

1. e4 e5 2. Nf3 d5 3. Nc3 d4 4. Nd5 f5 5. Bd3 fxe4 6. Bxe4 Nf6 7. Qe2 Nxe4 8.
Qxe4 Nc6 9. Nxe5 Nxe5 10. Qxe5+ Qe7 11. Nxc7+ Kd7 12. Qxe7+ Kxe7 13. Nxa8 Kd7
14. O-O Bd6 15. d3 Rf8 16. Bg5 Rf5 17. f4 h6 18. Bh4 b5 19. Rae1 Bxf4 20. Re7+
Kd6 21. Nc7 g5 22. Bxg5 Be3+ 23. Rxe3 Rxg5 24. Ref3 Kxc7 25. Rf7+ Bd7 26. R1f2
Kd6 27. R2f6+ Be6 28. Rxa7 Ke5 29. Rxh6 Bxa2 30. Re7+ Kf4 31. Rf6+ Rf5 32.
Rxf5+ Kxf5 33. Re4 Bb1 34. Rxd4 Bxc2 35. Rd5+ Ke6 36. Rxb5 Bxd3 37. Rb6+ Kd5
38. Kf2 Kc5 39. Rf6 Kc4 40. Ke3 Bb1 41. Rc6+ Kb3 42. Rb6+ Kc2 43. Kd4 Kd2 44.
Rd6 Ke2 45. g3 Kf2 46. Rf6+ Kg2 47. g4 Kxh2 48. g5 Ba2 49. g6 Kh3 50. g7 Kh4
51. Rf8 Kg4 52. g8=Q+ Bxg8 53. Rxg8+ Kf5 54. b4 Ke6 55. b5 Kd6 56. Rg6+ Kc7 57.
Kc5 Kb7 58. b6 Ka6 59. Kc6 Ka5 60. b7 Ka6 61. b8=Q Ka5 62. Qb5# 1-0

[Event "Warren (Warmup"]
[Site "?"]
[Date "1994.??.??"]
[Round "?"]
[White "Grawburg, H."]
[Black "Bedy, N."]
[Result "0-1"]
[WhiteElo "1605"]
[BlackElo "1605"]
[PlyCount "74"]
[EventDate "1994.??.??"]

1. e4 e5 2. d3 Nf6 3. Be2 Nc6 4. c3 Bc5 5. Bg5 O-O 6. Bf3 d6 7. Ne2 h6 8. Bh4
Re8 9. O-O g5 10. Bg3 Be6 11. h3 h5 12. Nd2 g4 13. hxg4 hxg4 14. Bh4 gxf3 15.
Nxf3 Kf8 16. Qd2 Ke7 17. Qg5 Kd7 18. Qh6 Rh8 19. Qxf6 Qxf6 20. Bxf6 Rh6 21. Bg5
Rh7 22. b4 Rah8 23. Bh4 Bb6 24. b5 Ne7 25. d4 Bg4 26. Nxe5+ dxe5 27. g3 Bxe2
28. Rfe1 Bf3 29. Re3 Bg4 30. Rd3 exd4 31. cxd4 Ng6 32. e5 Nxh4 33. e6+ fxe6 34.
Re3 Nf3+ 35. Kf1 Rh1+ 36. Ke2 Nxd4+ 37. Kd3 Rxa1 0-1

[Event "Eastpointe (US Am N/5/19)"]
[Site "?"]
[Date "1994.??.??"]
[Round "?"]
[White "Grams, Paul"]
[Black "West, Tony"]
[Result "1-0"]
[WhiteElo "1800"]
[BlackElo "1605"]
[PlyCount "120"]
[EventDate "1994.??.??"]

{5/(19)} 1. Nf3 Nf6 2. g3 g6 3. c4 Bg7 4. Bg2 O-O 5. Nc3 c6 6. Qc2 d5 7. cxd5
cxd5 8. d3 Nc6 9. Nb5 Qa5+ 10. Bd2 Qxb5 11. a4 Qb6 12. Rb1 Bg4 13. b4 Rac8 14.
Qb3 Bxf3 15. Bxf3 Nd4 16. Be3 Nxb3 17. Bxb6 axb6 18. Rxb3 Rc7 19. Kd2 Rfc8 20.
a5 d4 21. Rb2 Nd7 22. Ra1 Ne5 23. Be4 f5 24. Bd5+ Kh8 25. axb6 Rc3 26. Bxb7 Rb8
27. Ra8 Rxa8 28. Bxa8 Nd7 29. b7 Be5 30. b5 Nb6 31. f4 Bd6 32. e3 Ra3 33. Rc2
dxe3+ 34. Ke2 Kg7 35. Rc8 Ra5 36. b8=Q Bxb8 37. Rxb8 Nxa8 38. b6 Nxb6 39. Rxb6
Ra2+ 40. Kxe3 Rxh2 41. d4 Rh3 42. Kf3 h5 43. Kg2 Rxg3+ 44. Kxg3 Kf7 45. d5 Kg7
46. Ra6 Kf7 47. Kh4 Kf8 48. Rxg6 Kf7 49. Re6 Kf8 50. Kxh5 Kf7 51. Kg5 Kf8 52.
Kxf5 Kf7 53. Ke5 Kf8 54. d6 exd6+ 55. Rxd6 Ke7 56. f5 Kf7 57. Rd7+ Ke8 58. Ke6
Kf8 59. f6 Ke8 60. f7+ Kf8 1-0

[Event "Eastpointe (US Am N/3/35)"]
[Site "?"]
[Date "1994.??.??"]
[Round "?"]
[White "Grams, Paul"]
[Black "Turner, J."]
[Result "1-0"]
[WhiteElo "1800"]
[BlackElo "1605"]
[PlyCount "67"]
[EventDate "1994.??.??"]

{3/(35)} 1. e4 c5 2. f4 Nc6 3. Nf3 e6 4. d4 d5 5. e5 f6 6. Be3 Bd7 7. dxc5 Qa5+
8. Qd2 Bxc5 9. Qxa5 Nxa5 10. Bxc5 Ne7 11. Nc3 Rc8 12. Bxa7 Nac6 13. Bb6 Nb4 14.
Rc1 Rc6 15. Ba5 Na6 16. Nd4 Rc5 17. b4 Rc8 18. Ncb5 O-O 19. Nd6 Rc3 20. b5 Re3+
21. Kf2 Re4 22. Nxe4 dxe4 23. bxa6 bxa6 24. Bb4 fxe5 25. Bxe7 Rxf4+ 26. Ke3 Rf7
27. Nxe6 Bxe6 28. Bd6 Rf5 29. Bxa6 Bd5 30. c4 Bf7 31. Rhf1 Rh5 32. Rb1 Rxh2 33.
Rb8+ Be8 34. Rxe8# 1-0

[Event "Detroit (MCO/A/7/7)"]
[Site "?"]
[Date "1994.??.??"]
[Round "?"]
[White "Grams, Paul"]
[Black "Takriti, Samer"]
[Result "0-1"]
[WhiteElo "1830"]
[BlackElo "1850"]
[PlyCount "68"]
[EventDate "1994.??.??"]

{7/(7)} 1. d4 Nf6 2. c4 g6 3. Nc3 Bg7 4. e4 O-O 5. e5 Ne8 6. f4 d6 7. Nf3 Bg4
8. h3 Bxf3 9. Qxf3 c5 10. dxc5 dxe5 11. Qxb7 Nd7 12. c6 Nc5 13. Qb5 Qd4 14. Bd2
Nd6 15. Qa5 Nxc4 16. Bxc4 Qxc4 17. O-O-O Nd3+ 18. Kb1 Nf2 19. Rc1 Qd3+ 20. Rc2
Nxh1 21. Nd5 e4 22. c7 Ng3 23. Nxe7+ Kh8 24. Qc5 Rac8 25. Nxc8 Rxc8 26. Qxa7
Nf1 27. Qb8 Nxd2+ 28. Kc1 Qd7 29. Rxd2 Qxc7+ 30. Qxc7 Rxc7+ 31. Kd1 Bf8 32. a3
f5 33. b4 Ra7 34. Ra2 Bxb4 0-1

[Event "Eastpointe (US Am N/1a/10)"]
[Site "?"]
[Date "1994.??.??"]
[Round "?"]
[White "Grams, Paul"]
[Black "Solski, Jeff"]
[Result "0-1"]
[WhiteElo "1800"]
[BlackElo "1605"]
[PlyCount "72"]
[EventDate "1994.??.??"]

1. d4 Nf6 2. c4 d6 3. Nc3 g6 4. e4 Bg7 5. Be2 O-O 6. f4 Nfd7 7. Nf3 c5 8. Be3
b6 9. O-O Nc6 10. d5 Nb4 11. Rb1 a5 12. a3 Na6 13. Qc2 Re8 14. Rbd1 Nf8 15. e5
Bf5 16. Bd3 e6 17. Ne4 dxe5 18. Nxe5 exd5 19. Nc6 dxe4 20. Nxd8 exd3 21. Qb3
Nd7 22. Nxf7 Kxf7 23. Rfe1 Rxe3 24. h3 Rae8 25. Rxe3 Bd4 26. g4 Bxe3+ 27. Kf1
Be4 28. Rxd3 Bxd3+ 29. Qxd3 Bd4 30. f5 Re3 31. fxg6+ hxg6 32. Qd2 Nf6 33. Qh2
Rf3+ 34. Ke1 Ne4 35. Qg2 Rg3 36. Qf1+ Bf2+ 0-1

[Event "Detroit (MCO/A/1a/7)"]
[Site "?"]
[Date "1994.??.??"]
[Round "?"]
[White "Grams, Paul"]
[Black "Smith, Walt"]
[Result "0-1"]
[WhiteElo "1830"]
[BlackElo "1925"]
[PlyCount "110"]
[EventDate "1994.??.??"]

1. d4 Nf6 2. c4 c5 3. d5 g6 4. Nc3 Bg7 5. e4 O-O 6. Nf3 d6 7. Be2 Na6 8. O-O
Nc7 9. Qc2 a6 10. Rd1 Qe8 11. e5 dxe5 12. Nxe5 b5 13. Be3 b4 14. Na4 Nfxd5 15.
cxd5 Bxe5 16. Nb6 Rb8 17. Bxc5 Bd6 18. Be3 Bf5 19. Bd3 Bxd3 20. Rxd3 Nb5 21.
Qa4 Nc7 22. Qc6 Qxc6 23. dxc6 Rfd8 24. Rad1 Nb5 25. Nd5 Rdc8 26. Rc1 f6 27. g3
Kf7 28. Bf4 Bxf4 29. Nxf4 Rb6 30. Nd5 Rbxc6 31. Rxc6 Rxc6 32. Nxb4 Rc1+ 33. Kg2
a5 34. a4 axb4 35. axb5 Rc5 36. Rd4 Rxb5 37. b3 h5 38. Kf3 Ke6 39. Ke3 Ke5 40.
Kd3 g5 41. Kc4 Rb7 42. f4+ gxf4 43. Rxf4 e6 44. Rh4 f5 45. Rxh5 Ke4 46. Rh4+
Ke3 47. Kc5 e5 48. Rxb4 Rxb4 49. Kxb4 f4 50. gxf4 exf4 51. h4 f3 52. h5 f2 53.
h6 f1=Q 54. h7 Qf8+ 55. Ka5 Qa3+ 0-1

[Event "Eastpointe (MI Action/6/7)"]
[Site "?"]
[Date "1994.??.??"]
[Round "?"]
[White "Grams, Paul"]
[Black "Skidmore, Mike"]
[Result "0-1"]
[WhiteElo "1815"]
[BlackElo "1945"]
[PlyCount "49"]
[EventDate "1994.??.??"]

{6/(7)} 1. d4 d5 2. c4 c6 3. Nc3 e6 4. Nf3 Bb4 5. Qc2 dxc4 6. e4 b5 7. Be2 Nf6
8. Bg5 Be7 9. a4 Bd7 10. O-O O-O 11. Rfd1 h6 12. Bh4 a5 13. Rd2 Na6 14. Ne5 b4
15. Nd1 b3 16. Qb1 Nb4 17. Ne3 Nc2 18. Bxf6 Bxf6 19. Nxc2 bxc2 20. Qxc2 c5 21.
Nxd7 Qxd7 22. Bxc4 Rab8 23. Rb1 Rb4 24. Qc3 Bd8 25. Bb5 0-1

[Event "Detroit (CAO/2/6)"]
[Site "?"]
[Date "1994.??.??"]
[Round "?"]
[White "Grams, Paul"]
[Black "Seibert, T."]
[Result "1-0"]
[WhiteElo "1800"]
[BlackElo "1605"]
[PlyCount "65"]
[EventDate "1994.??.??"]

{2/(6)} 1. e4 c5 2. f4 Nc6 3. Nf3 g6 4. d4 cxd4 5. Nxd4 Nf6 6. Nc3 Qa5 7. Nb3
Qb4 8. Bd3 Bg7 9. Bd2 Qb6 10. Qf3 d6 11. f5 a5 12. Na4 Nd4 13. Nxb6 Nxf3+ 14.
gxf3 Rb8 15. Bxa5 O-O 16. Bc3 Nd7 17. Bxg7 Kxg7 18. Nd5 Ne5 19. f4 Nxd3+ 20.
cxd3 gxf5 21. Rg1+ Kh8 22. Nxe7 Be6 23. exf5 Bxb3 24. axb3 f6 25. Nd5 Rfe8+ 26.
Kd2 Rbc8 27. Ra7 Rc5 28. Nxf6 Rb8 29. Nd7 Rcc8 30. Nxb8 Rxb8 31. f6 Rf8 32.
Rxb7 d5 33. Rgg7 1-0

[Event "Eastpointe (EDO/2/12)"]
[Site "?"]
[Date "1994.??.??"]
[Round "?"]
[White "Grams, Paul"]
[Black "Rutkofske, Lonnie"]
[Result "1/2-1/2"]
[WhiteElo "1800"]
[BlackElo "1980"]
[PlyCount "87"]
[EventDate "1994.??.??"]

{2/(12)} 1. e4 e6 2. d4 d5 3. e5 c5 4. c3 Nc6 5. Nf3 cxd4 6. cxd4 Qb6 7. Nc3
Bd7 8. Be2 Nge7 9. Na4 Qc7 10. Nc5 Nxd4 11. Nxd4 Qxc5 12. O-O a6 13. Be3 Qc7
14. f4 Nc6 15. Rc1 Rc8 16. Bh5 g6 17. Be2 Be7 18. a4 O-O 19. Nb3 Bb4 20. Nc5
Rfd8 21. h4 Be8 22. Nd3 Be7 23. b4 d4 24. Bf2 b5 25. a5 Qa7 26. Qe1 Bf8 27. h5
Ne7 28. Nc5 Nf5 29. Ne4 Be7 30. hxg6 fxg6 31. Bg4 Bf7 32. Bxf5 gxf5 33. Nf6+
Kh8 34. Qd1 Rxc1 35. Qxc1 Qb7 36. Qa3 Bxf6 37. exf6 Rg8 38. Qh3 Qe4 39. Rd1
Qxf4 40. Rxd4 Qc1+ 41. Kh2 Qc7+ 42. Kg1 f4 43. Qd3 Qc6 44. Qe4 1/2-1/2

[Event "Detroit (MI Op/1b/8)"]
[Site "?"]
[Date "1994.??.??"]
[Round "?"]
[White "Grams, Paul"]
[Black "Rutkofske, Lonnie"]
[Result "1-0"]
[WhiteElo "1800"]
[BlackElo "2000"]
[PlyCount "67"]
[EventDate "1994.??.??"]

1. d4 f5 2. c4 g6 3. Nc3 Nf6 4. Nf3 Bg7 5. e3 O-O 6. Be2 c6 7. O-O d6 8. Qc2
Na6 9. a3 Nc7 10. d5 e5 11. Rd1 e4 12. Nd4 c5 13. Ndb5 Nce8 14. Na4 Nd7 15. Rb1
Ne5 16. b4 Qg5 17. Kh1 b6 18. h3 Qh4 19. Kg1 Bh6 20. Nxa7 Rxa7 21. Nxb6 Nf6 22.
Nxc8 Rxc8 23. b5 f4 24. Bf1 f3 25. g3 Qg5 26. a4 Re7 27. a5 Nh5 28. Kh2 Qf5 29.
b6 Qd7 30. b7 Nf7 31. a6 Re5 32. bxc8=Q+ Qxc8 33. a7 Qf5 34. a8=Q+ 1-0

[Event "Detroit (MCO/Ch/2a/10)"]
[Site "?"]
[Date "1994.??.??"]
[Round "?"]
[White "Grams, Paul"]
[Black "Robbins, Fred"]
[Result "0-1"]
[WhiteElo "1830"]
[BlackElo "2055"]
[PlyCount "112"]
[EventDate "1994.??.??"]

1. d4 Nf6 2. c4 c5 3. d5 Ne4 4. Qa4 g6 5. Nd2 Nd6 6. e4 Bg7 7. Ngf3 O-O 8. Bd3
Na6 9. a3 Nc7 10. Rb1 a6 11. Qc2 a5 12. O-O Na6 13. Re1 e5 14. dxe6 dxe6 15. e5
Nf5 16. Ne4 Qc7 17. Bg5 b6 18. Nf6+ Kh8 19. Nh4 h6 20. Nxf5 exf5 21. Nd5 Qa7
22. Bf6 Nc7 23. g4 Ne6 24. gxf5 Nd4 25. Qc1 Kh7 26. Re3 Nxf5 27. Rh3 h5 28.
Bxg7 Kxg7 29. Qg5 Nd4 30. Rg3 Bg4 31. Kg2 Rae8 32. h3 Be6 33. Nf6 h4 34. Qxh4
Rh8 35. Qg5 Qe7 36. Bxg6 fxg6 37. Qxg6+ Kf8 38. Nxe8 Rg8 39. Qf6+ Kxe8 40.
Qxe7+ Kxe7 41. Rxg8 Bxg8 42. Rc1 Ke6 43. Re1 Kf5 44. Kg3 Bxc4 45. h4 Be2 46. f4
Bh5 47. Kh3 Kxf4 48. Rg1 Nf3 49. Rf1 Kxe5 50. Kg3 Nd2 51. Rf8 Ne4+ 52. Kg2 Nf6
53. Rb8 Nd5 54. Rg8 c4 55. Rg5+ Kd6 56. Rxh5 Nf4+ 0-1

[Event "Eastpointe (MI Action/3/8)"]
[Site "?"]
[Date "1994.??.??"]
[Round "?"]
[White "Grams, Paul"]
[Black "McNeil, Yaking"]
[Result "1-0"]
[WhiteElo "1815"]
[BlackElo "1605"]
[PlyCount "102"]
[EventDate "1994.??.??"]

{3/(8)} 1. d4 c6 2. c4 d5 3. Nc3 Nf6 4. Nf3 Bg4 5. Ne5 e6 6. Nxg4 Nxg4 7. e3
Nf6 8. Be2 Bb4 9. O-O O-O 10. Qb3 Na6 11. a3 Qa5 12. Na2 Bd6 13. Qxb7 Qb6 14.
Qxb6 axb6 15. b4 Bxb4 16. axb4 Nxb4 17. Nxb4 Rxa1 18. Nxc6 Kh8 19. Ne5 Kg8 20.
cxd5 Nxd5 21. Bd2 Ra2 22. Rd1 Rfa8 23. Kf1 Rb2 24. Nc4 Rb3 25. Rc1 b5 26. Nd6
Rb2 27. Ke1 g6 28. Bxb5 Raa2 29. Rd1 Nc7 30. Bc4 Ra8 31. Rc1 Rab8 32. e4 Rb1
33. Rxb1 Rxb1+ 34. Ke2 Kf8 35. Bg5 Rb2+ 36. Ke3 Ne8 37. Nxe8 Kxe8 38. d5 exd5
39. exd5 Rc2 40. Bd3 Rc5 41. Kd4 Ra5 42. Bc4 Ra1 43. Bb5+ Kf8 44. d6 Rd1+ 45.
Kc5 h6 46. Bxh6+ Kg8 47. Bg5 f6 48. Bxf6 Kf7 49. Bg5 Re1 50. f4 Rc1+ 51. Kb6
Rc8 1-0

[Event "Detroit (MI Op/7/32)"]
[Site "?"]
[Date "1994.??.??"]
[Round "?"]
[White "Grams, Paul"]
[Black "Lewis, Derrick"]
[Result "0-1"]
[WhiteElo "1800"]
[BlackElo "1895"]
[PlyCount "38"]
[EventDate "1994.??.??"]

{7/(32)} 1. d4 Nf6 2. c4 e6 3. Nc3 Bb4 4. Qc2 Nc6 5. Nf3 d5 6. e3 O-O 7. Bd3 h6
8. O-O Re8 9. c5 e5 10. Bb5 Bxc3 11. bxc3 e4 12. Ne5 Nxe5 13. Bxe8 Nf3+ 14.
gxf3 exf3 15. Qd1 Bg4 16. h3 Qc8 17. c6 Qf5 18. cxb7 Rxe8 19. e4 Qh5 0-1

[Event "Eastpointe (EDO/4/10)"]
[Site "?"]
[Date "1994.??.??"]
[Round "?"]
[White "Grams, Paul"]
[Black "Levadi, David"]
[Result "0-1"]
[WhiteElo "1800"]
[BlackElo "1945"]
[PlyCount "56"]
[EventDate "1994.??.??"]

{4/(10)} 1. d4 d5 2. c4 Nf6 3. Nc3 c5 4. dxc5 d4 5. Nd5 Nxd5 6. cxd5 Qxd5 7.
Bf4 e5 8. Bg3 Bxc5 9. Nf3 e4 10. a3 exf3 11. exf3 O-O 12. Be2 Rd8 13. Rc1 Bf5
14. Bc4 Qc6 15. O-O Qb6 16. b4 Bd6 17. Qb3 Bg6 18. Bh4 Re8 19. Qa4 Nc6 20. Bb5
Rac8 21. Rfe1 Rxe1+ 22. Rxe1 a6 23. Bc4 Ne5 24. Bd5 Bc2 25. Bb3 Bxb3 26. Qxb3
Ng6 27. f4 Nxh4 28. Qh3 Qd8 0-1

[Event "Detroit (MI Op/4/36)"]
[Site "?"]
[Date "1994.??.??"]
[Round "?"]
[White "Grams, Paul"]
[Black "Levadi, David"]
[Result "0-1"]
[WhiteElo "1800"]
[BlackElo "1945"]
[PlyCount "50"]
[EventDate "1994.??.??"]

{4/(36)} 1. d4 Nf6 2. c4 d5 3. Nc3 c5 4. Nf3 cxd4 5. Nxd4 e5 6. Nf3 d4 7. Na4
Nc6 8. e3 Bb4+ 9. Bd2 Bd6 10. exd4 exd4 11. c5 O-O 12. Be2 Bc7 13. O-O d3 14.
Bxd3 Qxd3 15. b4 Bg4 16. Nb2 Bxf3 17. Nxd3 Bxd1 18. Rfxd1 Rfe8 19. b5 Nd4 20.
a4 Nb3 21. Rab1 Nxd2 22. Rxd2 Rad8 23. c6 bxc6 24. bxc6 Ne4 25. Rdd1 Nc3 0-1

[Event "Eastpointe (US Am N/6/15)"]
[Site "?"]
[Date "1994.??.??"]
[Round "?"]
[White "Grams, Paul"]
[Black "Koernke, R."]
[Result "1-0"]
[WhiteElo "1800"]
[BlackElo "1605"]
[PlyCount "101"]
[EventDate "1994.??.??"]

{6/(15)} 1. d4 d5 2. c4 e6 3. Nc3 Nf6 4. Bg5 Nbd7 5. Nf3 Be7 6. e3 c6 7. Bd3 h6
8. Bh4 O-O 9. O-O dxc4 10. Bxc4 b5 11. Bd3 a5 12. Rc1 Bb7 13. Qe2 b4 14. Na4
Nd5 15. Bg3 N7b6 16. Nc5 Bxc5 17. dxc5 Nc8 18. Rfd1 Qe8 19. Ne5 f5 20. Bc4 Ra7
21. e4 f4 22. Bh4 g5 23. exd5 exd5 24. Bd3 f3 25. Nxf3 Qxe2 26. Bxe2 gxh4 27.
Nxh4 Rf4 28. g3 Re4 29. Bd3 Re6 30. Bf5 Re2 31. Rc2 Rxc2 32. Bxc2 Ba6 33. Nf5
h5 34. Ba4 Rc7 35. a3 bxa3 36. bxa3 Na7 37. Nd4 Kf7 38. f4 Kf6 39. Kf2 Bc8 40.
Rb1 Bb7 41. h4 Bc8 42. Rb6 Bb7 43. Bd1 Kg6 44. f5+ Kh6 45. g4 hxg4 46. Bxg4 Nc8
47. Rb1 Ne7 48. Ne6 Rd7 49. f6 Ng8 50. Ng5 Rc7 51. f7 1-0

[Event "Eastpointe (MI Action/1/26)"]
[Site "?"]
[Date "1994.??.??"]
[Round "?"]
[White "Grams, Paul"]
[Black "Franke, R."]
[Result "1-0"]
[WhiteElo "1815"]
[BlackElo "1800"]
[PlyCount "59"]
[EventDate "1994.??.??"]

{1/(26)} 1. d4 d5 2. c4 e6 3. Nc3 Nf6 4. Bg5 Be7 5. Nf3 h6 6. Bh4 O-O 7. e3 b6
8. Qc2 c5 9. Be2 Bb7 10. O-O Nbd7 11. Rfd1 Rc8 12. Bg3 dxc4 13. Nb5 a6 14. Nd6
Bxd6 15. Bxd6 Re8 16. dxc5 Nd5 17. cxb6 Qxb6 18. Bg3 N7f6 19. Bxc4 Nb4 20. Qe2
Red8 21. Bb3 a5 22. Ne5 Ne4 23. Qh5 Rxd1+ 24. Rxd1 Rf8 25. Nd7 Nxg3 26. hxg3
Qc6 27. f3 Rd8 28. Nf6+ gxf6 29. Rxd8+ Kg7 30. Qg4+ 1-0

[Event "Detroit (MCO/A/4/10)"]
[Site "?"]
[Date "1994.??.??"]
[Round "?"]
[White "Grams, Paul"]
[Black "Forte, Joe"]
[Result "1-0"]
[WhiteElo "1830"]
[BlackElo "1955"]
[PlyCount "73"]
[EventDate "1994.??.??"]

{4/(10)} 1. d4 Nf6 2. c4 c5 3. d5 b5 4. cxb5 a6 5. Nc3 d6 6. e4 g6 7. Nf3 Bg7
8. Rb1 O-O 9. h3 axb5 10. Bxb5 Ba6 11. Bxa6 Rxa6 12. O-O Nfd7 13. a3 Nb6 14.
Qc2 N8d7 15. b4 cxb4 16. axb4 Qc7 17. Qe2 Rfa8 18. Nb5 Qb7 19. Nfd4 Ra2 20. Rb2
R2a6 21. Bf4 Ne5 22. Rc2 Nec4 23. Rfc1 Rc8 24. Nc6 h6 25. Rxc4 Nxc4 26. Qxc4
Kh7 27. Bxd6 Bf8 28. Bc5 Rca8 29. d6 exd6 30. Bxd6 Ra1 31. Rxa1 Rxa1+ 32. Kh2
Bg7 33. Nbd4 Qd7 34. e5 Re1 35. b5 f6 36. Ne7 Qd8 37. Qf7 1-0

[Event "Eastpointe (MI Action/5/15)"]
[Site "?"]
[Date "1994.??.??"]
[Round "?"]
[White "Gramlich, Allen"]
[Black "Schey, Danny"]
[Result "0-1"]
[WhiteElo "1605"]
[BlackElo "1765"]
[PlyCount "62"]
[EventDate "1994.??.??"]

{5/(15)} 1. e4 e5 2. Nf3 Nc6 3. Bc4 Nf6 4. Nc3 Nxe4 5. Nxe4 d5 6. Bxd5 Qxd5 7.
d3 Bg4 8. O-O Nd4 9. Nc3 Nxf3+ 10. gxf3 Qxf3 11. Qxf3 Bxf3 12. Re1 Bb4 13. Bd2
f6 14. d4 Bxc3 15. Bxc3 e4 16. Bb4 O-O-O 17. c3 Rd5 18. a4 Rg5+ 19. Kf1 Rg2 20.
Re3 Rxh2 21. Rxf3 exf3 22. Kg1 Rg2+ 23. Kf1 h5 24. Re1 g5 25. Be7 Re8 26. Re3
g4 27. Bxf6 Rxe3 28. fxe3 Rxb2 29. a5 g3 30. Ke1 g2 31. Bg5 g1=Q# 0-1

[Event "Eastpointe (MI Action/1/6)"]
[Site "?"]
[Date "1994.??.??"]
[Round "?"]
[White "Gramlich, Allen"]
[Black "Rajlich, Vasik"]
[Result "0-1"]
[WhiteElo "1605"]
[BlackElo "2125"]
[PlyCount "54"]
[EventDate "1994.??.??"]

{1/(6)} 1. e4 c5 2. Nf3 d6 3. d4 cxd4 4. Nxd4 Nf6 5. Nc3 a6 6. Bc4 e6 7. Be3 b5
8. Bb3 Bb7 9. f3 d5 10. exd5 Nxd5 11. Bxd5 Bxd5 12. Nb3 Bb4 13. Bd2 O-O 14.
Nxd5 exd5 15. Bxb4 Qh4+ 16. g3 Qxb4+ 17. c3 Qc4 18. Qd4 Re8+ 19. Kd1 Qe2+ 20.
Kc1 Nc6 21. Qd1 Qe3+ 22. Nd2 Nb4 23. a3 Nd3+ 24. Kb1 Nf2 25. Nf1 Nxd1 26. Nxe3
Nxe3 27. Ka2 Nc4 0-1

[Event "Eastpointe (MI Action/6/16)"]
[Site "?"]
[Date "1994.??.??"]
[Round "?"]
[White "Gramlich, Allen"]
[Black "Herron, J."]
[Result "0-1"]
[WhiteElo "1605"]
[BlackElo "1790"]
[PlyCount "50"]
[EventDate "1994.??.??"]

{6/(16)} 1. e4 d6 2. d4 Nf6 3. Nc3 g6 4. f4 Bg7 5. Nf3 O-O 6. Be3 c5 7. Bc4 Ng4
8. Qd2 Nxe3 9. Qxe3 cxd4 10. Nxd4 Qb6 11. O-O-O e5 12. Nd5 Qc5 13. fxe5 dxe5
14. Qa3 Qxc4 15. Rhf1 exd4 16. Ne7+ Kh8 17. Nxg6+ hxg6 18. e5 Bf5 19. Rxf5 gxf5
20. Rd3 Nd7 21. Rh3+ Kg8 22. Qg3 Rac8 23. Qxg7+ Kxg7 24. Rg3+ Kh6 25. Rh3+ Kg5
0-1

[Event "Eastpointe (MI Action/3/12)"]
[Site "?"]
[Date "1994.??.??"]
[Round "?"]
[White "Gramlich, Allen"]
[Black "Franke, R."]
[Result "1-0"]
[WhiteElo "1605"]
[BlackElo "1800"]
[PlyCount "105"]
[EventDate "1994.??.??"]

{3/(12)} 1. e4 c5 2. Nf3 Nc6 3. d4 cxd4 4. Nxd4 d6 5. Nc3 Nf6 6. f3 e5 7. Nxc6
bxc6 8. Bg5 Be7 9. Bxf6 Bxf6 10. Bc4 O-O 11. O-O Qb6+ 12. Kh1 Qxb2 13. Ne2 Be7
14. Bb3 Qa3 15. Ng3 a5 16. Qd3 Qc5 17. Qc4 Qxc4 18. Bxc4 Be6 19. Bb3 a4 20.
Bxe6 fxe6 21. Rab1 Rab8 22. c3 d5 23. exd5 cxd5 24. Rfe1 Bd6 25. Nh5 Kf7 26.
Red1 g6 27. Ng3 Rxb1 28. Rxb1 Rb8 29. Rxb8 Bxb8 30. Kg1 Bc7 31. Kf2 Ba5 32. Ne2
Bb6+ 33. Ke1 d4 34. Kd2 Kf6 35. Kd3 h5 36. Kc4 Kf5 37. g3 e4 38. Nxd4+ Bxd4 39.
Kxd4 e5+ 40. Ke3 exf3 41. Kxf3 e4+ 42. Ke3 Ke5 43. c4 g5 44. c5 Kd5 45. c6 Kxc6
46. Kxe4 g4 47. Kf4 Kb5 48. Kg5 Kb4 49. Kxh5 Ka3 50. Kxg4 Kxa2 51. h4 Kb1 52.
h5 a3 53. h6 $138 1-0

[Event "Gaylord (NMO/3/15)"]
[Site "?"]
[Date "1994.??.??"]
[Round "?"]
[White "Gorski, M."]
[Black "Sansone, W."]
[Result "0-1"]
[WhiteElo "1605"]
[BlackElo "1605"]
[PlyCount "110"]
[EventDate "1994.??.??"]

{3/(15)} 1. e4 c6 2. Nc3 d5 3. d4 dxe4 4. Nxe4 Bf5 5. Ng3 Bg6 6. Nf3 Nd7 7. Bc4
Ngf6 8. Be3 e6 9. c3 Qc7 10. O-O Bd6 11. Nh4 O-O-O 12. Nxg6 hxg6 13. a4 Nh5 14.
Qf3 Ndf6 15. Bg5 Bf4 16. Bxf4 Qxf4 17. Qxf4 Nxf4 18. Ne2 Nxe2+ 19. Bxe2 g5 20.
a5 Nh5 21. a6 b6 22. g3 Nf6 23. Bf3 Kc7 24. Rfd1 Rh6 25. c4 Rdh8 26. d5 exd5
27. cxd5 Rd8 28. d6+ Rxd6 29. Rxd6 Kxd6 30. Rd1+ Kc7 31. b4 Nd7 32. Bg4 Rd6 33.
Re1 Kd8 34. Kg2 c5 35. bxc5 Nxc5 36. Be2 Rd2 37. Bb5 Ne6 38. Rc1 Nc7 39. Bf1 b5
40. Rc5 b4 41. Bc4 f6 42. Ra5 Rc2 43. Bb3 Rc3 44. Bf7 Ra3 45. Rxa3 bxa3 46. Bc4
Kd7 47. Kf3 Kc6 48. Kg4 Kc5 49. Ba2 Nd5 50. Kf5 Nc3 51. Bf7 Nd5 52. h4 a2 53.
h5 a1=Q 54. Kg6 f5 55. Kxf5 Qf6+ 0-1

[Event "Gaylord (NMO/1/18)"]
[Site "?"]
[Date "1994.??.??"]
[Round "?"]
[White "Gorski, M."]
[Black "Miller, J."]
[Result "0-1"]
[WhiteElo "1605"]
[BlackElo "1605"]
[PlyCount "74"]
[EventDate "1994.??.??"]

{1/(18)} 1. e4 e6 2. d4 d5 3. e5 c5 4. c3 Nc6 5. Nf3 h6 6. Be2 f6 7. O-O fxe5
8. dxe5 c4 9. Be3 Nge7 10. Na3 a6 11. Nc2 Qc7 12. Bf4 Ng6 13. Bg3 Bd7 14. Ncd4
O-O-O 15. Qc2 Ngxe5 16. Nxe5 Nxe5 17. b3 Bd6 18. a4 g5 19. b4 h5 20. h3 h4 21.
Bh2 Rhg8 22. b5 a5 23. Rfb1 b6 24. Bg4 Rde8 25. Bh5 Ref8 26. Re1 Rf6 27. Re2 g4
28. hxg4 Nxg4 29. Bxd6 Qxd6 30. Nf3 Rxf3 31. Bxg4 Rxg4 32. Qh7 h3 33. g3 Rfxg3+
34. fxg3 Qxg3+ 35. Kh1 Qf3+ 36. Kh2 Qxe2+ 37. Kxh3 Qg2# 0-1

[Event "Flint (MI Ch Spon/1)"]
[Site "?"]
[Date "1994.??.??"]
[Round "?"]
[White "Golson, F."]
[Black "Yahkind, Alex"]
[Result "0-1"]
[WhiteElo "1605"]
[BlackElo "2065"]
[PlyCount "68"]
[EventDate "1994.??.??"]

1. e4 c5 2. Qh5 e6 3. Nc3 Nf6 4. Qf3 Nc6 5. a3 Nd4 6. Qd3 d5 7. e5 Nd7 8. b4
Nxe5 9. Qg3 Qf6 10. Nh3 Nxc2+ 11. Ke2 Nxa1 12. bxc5 Bxc5 13. Nb5 O-O 14. Bb2
Bd7 15. Bxe5 Bxb5+ 16. Ke1 Qg6 17. Bxb5 Qxg3 18. hxg3 Nc2+ 19. Kd1 Nxa3 20. Ng5
h6 21. Nf3 Nxb5 22. g4 f6 23. Bb2 a5 24. Nh4 a4 25. Ng6 Rf7 26. g5 fxg5 27. Ne5
a3 28. Ba1 Rxf2 29. Ng4 Rxg2 30. Bxg7 Kxg7 31. Rxh6 a2 32. Rxe6 a1=Q+ 33. Kc2
Nd4+ 34. Kd3 Ra3# 0-1

[Event "Flint (MI Ch Spon/3)"]
[Site "?"]
[Date "1994.??.??"]
[Round "?"]
[White "Golson, F."]
[Black "Pontoni, M."]
[Result "0-1"]
[WhiteElo "1605"]
[BlackElo "1605"]
[PlyCount "66"]
[EventDate "1994.??.??"]

1. e4 e5 2. Qh5 Nc6 3. Bc4 g6 4. Qf3 Nf6 5. d3 Bg7 6. Bg5 Nd4 7. Qd1 d6 8. Nf3
Bg4 9. h3 Bxf3 10. gxf3 Qd7 11. Nc3 a6 12. Bxf6 Bxf6 13. Nd5 Bg7 14. c3 Ne6 15.
Qb3 b5 16. Nb6 cxb6 17. Bxe6 Qxe6 18. Qxe6+ fxe6 19. O-O-O O-O 20. d4 Rxf3 21.
dxe5 Bxe5 22. Rhe1 Rxf2 23. h4 Rh2 24. Rd3 Rxh4 25. c4 bxc4 26. Rd2 Bf4 27. b3
Bxd2+ 28. Kxd2 cxb3 29. axb3 Rf8 30. Rd1 Rxe4 31. Kc1 Rc8+ 32. Kb1 Re2 33. Ka1
Rcc2 0-1